[Event "Pfalz-ch HT3 87th"]
[Site "Landau"]
[Date "2018.03.23"]
[Round "1"]
[White "Hartenstein, Ricardo"]
[Black "Reissfelder, Matthias"]
[Result "0-1"]
[WhiteElo "1050"]
[BlackElo "1686"]
[PlyCount "54"]
[EventDate "2018.03.23"]
[EventType "swiss"]
[EventRounds "7"]
[EventCountry "GER"]
[SourceTitle "EXT 2019"]
[Source "ChessBase"]
[SourceDate "2018.10.10"]
[SourceVersion "1"]
[SourceVersionDate "2018.10.10"]
[SourceQuality "1"]

1. d4 Nf6 2. Bf4 d5 3. e3 g6 4. Nf3 Bg7 5. Nbd2 0-0 6. c4 c5 7. cxd5 Nxd5 8. Bg3 cxd4 9. Nxd4 e5 10. N4f3 Nc6 11. Qb3 Be6 12. Bc4 Na5 13. Qb5 a6 14. Qc5 Rc8 15. Qxf8+ Kxf8 16. b3 Nxc4 17. Nxc4 Nb4 18. 0-0 Bxc4 19. bxc4 e4 20. Ne5 Nd3 21. Ng4 h5 22. Bh4 Qxh4 23. h3 Bxa1 24. Rxa1 hxg4 25. Rf1 Kg7 26. hxg4 Rh8 27. g3 Qh2# 0-1